000 00435nam a22001817a 4500
003 koha_MIRAKIL
005 20241108000259.0
008 231213b |||||||| |||| 00| 0 ||| d
020 _b978-6-05-439045-8
040 _aTR-IsEVY
_btur
_cTR-IsEVY
082 _a800 CHU/D
100 _aCHURCH, CAROLİNE JAYNE.
245 0 _aDALGIN KOYUN.
260 _bFormül,
_c2011
300 _a[ ] p.
650 _aEdebiyat.
942 _2ddc
_cBK
999 _c4474
_d4474